000
00260nam a2200097Ia 4500
001
652746
005
20250826154444.0
008
250824s9999 xx 000 0 und d
245
0
_a
RUBY ROGERS KİME BAKIYORSUN ÖYLE?
_c
SUE LİMB
260
_b
ALTIN KİTAP YAYINLARI
999
_c
652746
_d
652746